Extrusión de plásticos, gomas y metales / (Record no. 144049)
[ view plain ]
| 000 -LEADER | |
|---|---|
| campo de control de longitud fija | 00737nam a2200205 i 4500 |
| 001 - NÚMERO DE CONTROL | |
| campo de control | 144049 |
| 003 - IDENTIFICADOR DE NÚMERO DE CONTROL | |
| campo de control | ES-MaACL |
| 005 - FECHA Y HORA DE LA ÚLTIMA TRANSACCIÓN | |
| campo de control | 20231227173105.0 |
| 007 - CAMPO FIJO DE DESCRIPCIÓN FÍSICA--INFORMACIÓN GENERAL | |
| campo de control de longitud fija | t| |
| 008 - DATOS DE LONGITUD FIJA--INFORMACIÓN GENERAL | |
| campo de control de longitud fija | 070214s1964 sp r ||||1| spa d |
| 100 1# - ENTRADA PRINCIPAL--NOMBRE DE PERSONA | |
| Nombre de persona | Simonds, Herbert R. |
| 9 (RLIN) | 106561 |
| 245 10 - MENCIÓN DEL TÍTULO | |
| Título | Extrusión de plásticos, gomas y metales / |
| Mención de responsabilidad, etc. | por Herbert R. Simonds ; versión española de Ricardo de la Cierva y de Hoces, César P. Prieto. |
| 260 ## - PUBLICACIÓN, DISTRIBUCIÓN, ETC. | |
| Lugar de publicación, distribución, etc. | Madrid : |
| Nombre del editor, distribuidor, etc. | River, |
| Fecha de publicación, distribución, etc. | 1964 ( |
| Fabricante | Canales) |
| 300 ## - DESCRIPCIÓN FÍSICA | |
| Extensión | 428 p. : |
| Otras características físicas | il. ; |
| Dimensiones | 22 cm + |
| Material acompañante/anejo | 1 grab. pleg. |
| 650 #4 - PUNTO DE ACCESO ADICIONAL DE MATERIA--TÉRMINO DE MATERIA | |
| Término de materia o nombre geográfico como elemento de entrada | Plásticos- |
| Subdivisión general | Extrusión. |
| 9 (RLIN) | 156870 |
| 700 1# - ENTRADA AGREGADA--NOMBRE PERSONAL | |
| Nombre de persona | Cierva, Ricardo de la, |
| Fechas asociadas al nombre | 1926-2015 |
| 9 (RLIN) | 38790 |
| 700 1# - ENTRADA AGREGADA--NOMBRE PERSONAL | |
| Nombre de persona | Pérez Prieto, César. |
| 9 (RLIN) | 91095 |
| 852 ## - LOCALIZACIÓN | |
| Ubicación | ES-MaACL |
| Número de control de estantería | C-26544 |
| Sublocalización o colección | R.55593 |
| Estatus retirado | Estado de pérdida | Estado de daño | No para préstamo | Biblioteca de origen | Biblioteca actual | Ubicación en estantería | Fecha de adquisición | Fuente de adquisición | Total de préstamos | Signatura topográfica completa | Código de barras | Visto por última vez | Precio de reemplazo | Tipo de ítem Koha |
|---|---|---|---|---|---|---|---|---|---|---|---|---|---|---|
| Biblioteca del Ateneo de Madrid | Biblioteca del Ateneo de Madrid | Depósito 2 | 17/01/2008 | C-26544 | 1149873 | 23/02/2023 | 23/02/2023 | Libro impreso |
